La fundación de Europa : informe provisional sobre los últimos mil años /
Historia de Europa durante el segundo milenio completo, cuyo autor propone una ruta distinta a la seguida por los textos que sólo prestan atención a los acontecimientos y procesos políticos y retarta el devenir europeo como una gran conquista cultural, de la que forman parte las rutas de comercio, l...
Gardado en:
| Autor Principal: | |
|---|---|
| Formato: | Libro |
| Idioma: | Lingua castelá |
| Publicado: |
Barcelona, España :
Paidós,
2004, c2004
|
| Series: | (Paidós Orígenes ;
45) |
| Temas: | |
| Etiquetas: |
Sen Etiquetas, Sexa o primeiro en etiquetar este rexistro!
|
MARC
| LEADER | 00000nam^a2200000^a^4500 | ||
|---|---|---|---|
| 001 | 000176058 | ||
| 005 | 20250521000000.0 | ||
| 009 | 20260310101626.838 | ||
| 020 | |a 84-493-1628-6 | ||
| 037 | |a Acervo ITESO - Biblioteca | ||
| 041 | |a ESP | ||
| 082 | |a 940. |b SEI | ||
| 100 | |a Seibt, Ferdinand |e (autor) | ||
| 245 | 1 | 3 | |a La fundación de Europa : |b informe provisional sobre los últimos mil años / |c F. Seibt. |
| 264 | 4 | |a Barcelona, España : |b Paidós, |c 2004, c2004 | |
| 300 | |a 417 p. | ||
| 336 | |a texto |b txt |2 rdacontenido | ||
| 337 | |a sin mediación |b n |2 rdamedio | ||
| 338 | |a volumen |b nc |2 rdasoporte | ||
| 440 | 1 | |a (Paidós Orígenes ; |v 45) | |
| 500 | |a Traducción de: Die begründung Europas | ||
| 520 | |a Historia de Europa durante el segundo milenio completo, cuyo autor propone una ruta distinta a la seguida por los textos que sólo prestan atención a los acontecimientos y procesos políticos y retarta el devenir europeo como una gran conquista cultural, de la que forman parte las rutas de comercio, la construcción de las ciudades, la alimentación, la vivienda, la indumentaria, las armas, las herramientas de trabajo y la producción artística. | ||
| 649 | |a XX | ||
| 650 | |a Civilización - |z Europa - |x Historia | ||
| 650 | |a Europa - |x Historia | ||
| 910 | |a Fondo General | ||
| 920 | |a Impresos - Libros | ||
| 930 | |a Colección General | ||
| 905 | |a 101 | ||
| 901 | |a 0500114520 |b IT1 |c ACC |u 20250521 | ||
| 902 | |a https://opac.biblio.iteso.mx/vufind/Record/000176058 | ||